Memoria del consejo de defensa del estado: 1997

Na minha lista:
Detalhes bibliográficos
Autor Corporativo: Consejo de Defensa del Estado (Author)
Formato: Livro
Idioma:espanhol
Publicado em: Santiago Consejo de Defensa del Estado 1999
Assuntos:
Tags: Adicionar Tag
Sem tags, seja o primeiro a adicionar uma tag!

MARC

LEADER 00000nam a2200000 a 4500
001 UCP9113
003 CL-VaPUC
008 000317e19990000CL |||||||||||||||||spa|d
082 0 4 |a 355.6  |b CON  |2 21 
110 2 |a Consejo de Defensa del Estado  |e author  |9 439468 
245 1 0 |a Memoria del consejo de defensa del estado: 1997 
300 |a 353 p 
942 |c BK 
945 |d 20000317 00:00:00  |a vberengu 
260 |a Santiago  |b Consejo de Defensa del Estado  |c 1999 
650 0 |a Derecho administrativo  |9 254851 
650 0 |a Jurisprudencia administrativa   |9 384120 
650 0 |a Jurisprudencia civil  |9 255095 
650 7 |a JURISPRUDENCIA PENAL  |2 CL-VaPUC  |9 256149 
650 7 |a JURISPRUDENCIA PROCESAL  |2 CL-VaPUC  |9 254972 
650 7 |a JURISPRUDENCIA TRIBUTARIA  |2 CL-VaPUC  |9 369427 
651 7 |a CHILE  |2 CL-VaPUC  |9 439469 
583 |a last modification  |c 20000317 00:00:00  |k Rodrigo Vera 
999 |c 285963  |d 285961 
952 |0 0  |1 0  |4 0  |6 355_600000000000000_CON_1999  |7 0  |8 F  |9 330845  |a BIBDER  |b BIBDER  |d 2019-11-20  |i 3593754  |o 355.6 CON 1999  |p 3593754  |r 2023-01-25  |w 2019-11-20  |y BK_F  |k DER